01475cam a22003735a 450000100090000000300040000900500170001300800410003001000170007102000250008802000220011302000150013502000180015003500240016804001080019204200140030008200230031410000500033724501390038726000320052630000410055844000310059950400640063060000500069465000260074465000320077070000260080270000220082870000560085090600450090694200120095199900190096395201190098217888464OSt20180116183016.0130917s2014 caua b 001 0 eng d a 2013950620 a9781446270790 (pbk.) a1446270793 (pbk.) a1446270785 a9781446270783 a(OCoLC)ocn880951992 aTULIBbengcTULIBdTULIBdNLEdYDXCPdUKMGBdBDXdCDXdDEBBGdOCLCOdCLEdOCLCFdUKWOHdUABdOCLCAdDLC alccopycat04a658.3 CRA 2014223 aJonathan R. Crawshaw Pawan Budhwar Ann Davis00aHuman Resource Management bstrategic and international perspectives cedited by Jonathan R. Crawshaw, Pawan S. Budhwar and Ann Davis. aLos Angeles :bSAGE,c2014. axxiii, 373 p. :bcol. ill. ;c23 cm. aHuman Resource Management  aIncludes bibliographical references (p. 328-365) and index. aJonathan R. Crawshaw Pawan Budhwar Ann Davis 0aPersonnel management. 7aPersonnel management.2fast1 aCrawshaw, Jonathan R.1 aBudhwar, Pawan S.1 aDavis, Annc(Lecturer in organisational psychology) a0bibcccopycatd2encipf20gy-gencatlg 2ddccBK c350396d350396 00102ddc40708NFICaCLbCLcGENd2015-10-06l3o658.3 CRA 2014pNBS9517r2025-11-12s2025-10-02w2015-10-06yBK